| 000 | 00423 a2200181 4500 | ||
|---|---|---|---|
| 001 | 067507 | ||
| 003 | OSt | ||
| 005 | 20211214171505.0 | ||
| 008 | |||
| 082 |
_a572 _bB45B |
||
| 100 | 1 | _aBerg, Jeremy M. | |
| 245 | 1 |
_aBiochemistry _cby Jeremy M. Berg |
|
| 260 |
_aNew York _bW.H. Freeman _c2006 |
||
| 300 | _a1026p. | ||
| 630 | _aChemistry | ||
| 653 | _aBiochemistry | ||
| 942 |
_2ddc _cBK |
||
| 999 |
_c1398 _d1398 |
||